Normal view
MARC view
- مرطان، سعيد سعد
Entry Personal Name
001 - CONTROL NUMBER
- control field: 30608
003 - CONTROL NUMBER IDENTIFIER
- control field: JO-AjAnu
005 - DATE AND TIME OF LATEST TRANSACTION
- control field: 20230606075149.0
008 - FIXED-LENGTH DATA ELEMENTS
- fixed length control field: 230606|| aca||aabn | a|a d
040 ## - CATALOGING SOURCE
- Original cataloging agency: JO-AjAnu
- Transcribing agency: JO-AjAnu
100 ## - HEADING--PERSONAL NAME
- Personal name: مرطان، سعيد سعد
670 ## - SOURCE DATA FOUND
- Source citation: Work cat.: (JO-AjAnu)15721: مرطان، سعيد سعد, author, مدخل للفكر الإقتصادي في الإسلام